000 00411 a2200157 4500
001 171208
020 _a
040 _cMagnum
100 _aNovaes, Carlos Eduardo Et. Al
240 1 0 _aCidadania para principiantes: a historia dos direitos do homem
_lpor
245 1 0 _aCidadania para principiantes: a historia dos direitos do homem
362 0 _a1899
440 1 _aÁtica
697 _aGERAL
942 _cBK
999 _c171208
_d171208